00704 2200217 4500001002100000005001700021008004100038035002400079041000800103043001500111082001800126090002900144100006400173245009000237250001100327260005900338300001500397650004700412850001200459999001500471YOGYA-0209000002262920090227023704.0 ind  0010-020900000022629 aInd aYOPDYOG(b) a352.095 982 3 aYog 352.095 982 3bYog L aYOGYAKARTA. (Propinsi) badan Perencanaan Pembangunan Daerah aLaporan triwulan II pelaksanaan proyek sektoral yang dimonitor tahun 1980/1981 di DIY aCet. 1 aYogyakartabBadan Perencanaan Pembangunan Daerahc1980 ahlmc21 cm aPemerintahan Daerah - Yogyakarta - Laporan aYOPDYOG a06A0014015